000 00358nam a22001577a 4500
005 20160624140500.0
008 160624b xxu||||| |||| 00| 0 eng d
041 _aeng
082 _b9594
100 _aBangia, R.K.
_9533
245 _aSale of Goods Act
260 _bAllahabad Raw Agency
_c2004
300 _a168
650 _aManagement
_9241
942 _cBK
999 _c3854
_d3853